Zawodnicy ROW Rybnik (żużel) w latach 2011-2024 - Statystyki

Ogólne statystyki
  • Ten quiz został rozwiązany 136 razy
    123 od ostatniego zresetowania
  • Średni wynik to 35 z 96
Statystyki odpowiedzi
Podpowiedź Odpowiedź % Poprawnych
Polska 2013-2020 Kacper Woryna
92%
Australia 2017, 2023-2024 Brady Kurtz
85%
Rosja 2016-2017 Grigorij Łaguta
82%
Polska 2021-2024 Kacper Tkocz
82%
Australia 2024 Rohan Tungate
82%
Polska 2021-2024 Paweł Trześniewski
78%
Łotwa 2018, 2020 Andzej Lebiediew
77%
Polska 2024 Grzegorz Walasek
76%
Wielka Brytania 2018-2019 Dan Bewley
74%
Szwecja 2017 Fredrik Lindgren
72%
Słowenia 2023 Matej Zagar
72%
Czechy 2013-2014, 2020 Vaclav Milik
72%
Wielka Brytania 2020 Robert Lambert
71%
Czechy 2023 Jan Kvech
67%
Polska 2015-2019 Robert Chmiel
65%
Dania 2023 Patrick Hansen
64%
Australia 2015-2017 Max Fricke
63%
Polska 2024 Jakub Jamróg
62%
Polska 2018-2020 Mateusz Szczepaniak
62%
Polska 2014 Michał Szczepaniak
62%
Australia 2015-2016, 2018-2020 Troy Batchelor
62%
Niemcy 2024 Norick Bloedorn
60%
Rosja 2019-2021 Siergiej Łogaczow
60%
Ukraina 2011, 2018 Andrij Karpow
58%
Polska 2024 Maksym Borowiak
58%
Polska 2022-2023 Patryk Wojdyło
56%
Polska 2022 Grzegorz Zengota
55%
Wielka Brytania 2014-2015 Chris Harris
54%
Dania 2021 Michael Jepsen Jensen
54%
Polska 2016, 2021 Rune Holta
53%
Dania 2022 Andreas Lyager
51%
Polska 2014-2017 Rafał Szombierski
50%
Polska 2015-2017 Damian Baliński
49%
Polska 2017 Tobiasz Musielak
47%
Ukraina 2011 Aleksandr Łoktajew
45%
Polska 2020 Adrian Miedziński
44%
Dania 2022 Nicolai Klindt
44%
Szwecja 2016 Andreas Jonsson
42%
Szwecja 2011 Antonio Lindbaeck
42%
Polska 2022-2023 Krystian Pieszczek
42%
Australia 2012 Jason Doyle
40%
Polska 2011 Sławomir Drabik
40%
Rosja 2013 Wiktor Kułakow
40%
Polska 2019-2021 Mateusz Tudzież
38%
Polska 2018-2019, 2021 Przemysław Giera
38%
Polska 2023-2024 Kamil Winkler
37%
Wielka Brytania 2018 Craig Cook
36%
Szwecja 2019 Linus Sundstroem
36%
Australia 2014-2015 Dakota North
33%
Polska 2018 Lars Skupień
33%
Polska 2022 Lech Chlebowski
33%
Polska 2021 Kacper Gomólski
32%
Wielka Brytania 2021 Leon Flint
32%
Polska 2015 Sebastian Ułamek
32%
Rosja 2021 Wiktor Trofimow
32%
Rosja 2013-2014 Ilja Czałow
31%
Polska 2011-2014 Roman Chromik
31%
Wielka Brytania 2013-2014 Lewis Bridger
28%
Australia 2011, 2017 Rory Schlein
28%
Szwecja 2012, 2021 Pontus Aspgren
27%
Polska 2020 Kacper Kłosok
26%
Polska 2020 Kamil Nowacki
26%
Polska 2021 Błażej Wypior
24%
Polska 2018 Artur Czaja
23%
Australia 2019 Nick Morris
22%
Polska 2014-2016 Kamil Wieczorek
21%
Dania 2017 Mads Korneliussen
21%
Rosja 2017 Roman Lachbaum
19%
Polska 2012 Jacek Rempała
15%
Wielka Brytania 2012 Oliver Allen
15%
Polska 2013 Alex Zgardziński
13%
Polska 2014 Kamil Adamczewski
13%
Dania 2012 Mikkel Bech Jensen
13%
Polska 2013 Michał Mitko
12%
Polska 2014 Dawid Stachyra
8%
Polska 2011 Kamil Fleger
8%
Polska 2014 Oskar Polis
8%
Polska 2011 Ronnie Jamroży
8%
Dania 2011 Jesper Monberg
6%
Polska 2013 Marcel Kajzer
6%
Szwecja 2012 Mathias Thoernblom
6%
Polska 2013 Patryk Malitowski
6%
Rosja 2012 Aleksiej Charczenko
5%
Polska 2012-2014 Marcin Bubel
5%
Polska 2012 Patryk Pawlaszczyk
5%
Polska 2011 Daniel Pytel
4%
Polska 2013 Łukasz Bojarski
4%
Polska 2012 Mariusz Fierlej
4%
Polska 2011-2012 Mateusz Domański
4%
Polska 2012-2013 Bartosz Szymura
3%
Polska 2013 Mike Trzensiok
3%
Polska 2012 Łukasz Piecha
1%
Polska 2013 Sławomir Pyszny
1%
Polska 2012 Adrian Szewczykowski
0%
Dania 2012 Marc Randrup
0%
Polska 2013 Remigiusz Perzyński
0%
Nie znaleziono quizów pasujących do podanych kryteriów
Rozkład punktacji
Procent ludzi z każdym wynikiem
Percentyl według liczby udzielonych odpowiedzi
Twoja historia wyników
Nie rozwiązałeś tego quizu od ostatniego zresetowania